|
|
|
|
| LEADER |
00000nam0a2200000 4500 |
| 001 |
268335 |
| 005 |
20231101234146.0 |
| 035 |
|
|
|a (RuTPU)RU\TPU\book\291486
|
| 090 |
|
|
|a 268335
|
| 100 |
|
|
|a 20140902d1986 km y0rusy50 ca
|
| 101 |
0 |
|
|a rus
|
| 102 |
|
|
|a RU
|
| 105 |
|
|
|a ac z 001zb
|
| 200 |
1 |
|
|a Б. Г. Скрамтаев : жизнь и творчество
|f П. Ф. Шубенкин, А. Б. Марцинчик
|
| 210 |
|
|
|a Москва
|c Стройиздат
|d 1986
|
| 215 |
|
|
|a 73 с.
|c ил.
|
| 320 |
|
|
|a Библиогр.: с. 68-73
|
| 600 |
|
1 |
|a Скрамтаев
|b Б. Г.
|c строитель
|c архитектор
|f 1905-1966
|g Борис Григорьевич
|2 stltpush
|3 (RuTPU)RU\TPU\pers\36158
|
| 606 |
1 |
|
|a Строители
|2 stltpush
|3 (RuTPU)RU\TPU\subj\57234
|9 75096
|
| 610 |
1 |
|
|a строительное дело
|
| 610 |
1 |
|
|a строительные материалы
|
| 610 |
1 |
|
|a бетонная смесь
|
| 610 |
1 |
|
|a бетонирование
|
| 610 |
1 |
|
|a вяжущие материалы
|
| 610 |
1 |
|
|a ученые
|
| 610 |
1 |
|
|a персоналии
|
| 675 |
|
|
|a 69:658.387(092)
|v 3
|
| 700 |
|
1 |
|a Шубенкин
|b П. Ф.
|g Павел Федорович
|
| 701 |
|
1 |
|a Марцинчик
|b А. Б.
|g Александр Борисович
|
| 801 |
|
1 |
|a RU
|b 63413507
|c 20140902
|
| 801 |
|
2 |
|a RU
|b 63413507
|c 20170217
|g RCR
|
| 942 |
|
|
|c BK
|